02597nam a22003014a 4500003000900000005001700009008004100026040001300067041000800080044000700088082002100095100003200116245014500148260010700293300001100400502007800411520152500489650003302014650002202047650002202069650002002091650001402111650002002125651001202145942001702157999001502174952010602189BOLpUSFA20260407144308.0 t bo grm 001 | spa|| aBOLpUSFA aspa aBO aADM0038bC746dPG aCondori Mamani, Alan Brayan aDiseño de un plan de marketing digital para el posicionamiento de la Salteñería Condorito en el distrito 1 de la ciudad de El Alto  aEl Alto: bUniversidad Privada San Francisco de Asís. Carrera de Administración de Empresas,c2025 a141 p. aModalidad: Proyecto de Grado - Tutor: Ing. Sebastián Huallpa Quispe  aEsta investigación, cuyo objetivo es diseñar un plan de marketing digital para posicionar la Salteñería Condorito en el distrito 1 de la ciudad de El Alto, se propone como solución a la falta de estrategias que permitan visibilizar el emprendimiento en el entorno digital, donde la competencia gastronómica exige presencia activa en redes sociales y plataformas de entrega. A través de encuestas aplicadas a 384 personas y entrevistas semiestructuradas, se pudo conocer datos relevantes sobre el comportamiento de los consumidores, quienes en su mayoría utilizan medios digitales para descubrir y elegir negocios locales. Esto permitió identificar las necesidades reales del público objetivo y las oportunidades de mejora en la comunicación y promoción del servicio. La investigación también da a conocer las fallas en las estrategias actuales de la empresa, como la ausencia de presencia digital, la falta de planificación promocional y la escasa interacción con los clientes mediante canales tecnológicos. Estos factores limitan el crecimiento del negocio y su posicionamiento en el mercado. El estudio concluye que, mediante la implementación de acciones como la activación de redes sociales, el uso de WhatsApp Business, la afiliación a plataformas de delivery y campañas promocionales segmentadas, se puede lograr una mejora continua en la visibilidad y consumo de los productos de la SalteñerÍA  aAdministración de Empresas aProyecto de Grado aMarketing digital aPosicionamiento aAlimentos aSalteñerías aEl Alto 2ddccTEzLLO c9686d9686 00102ddc407082aBEAbBEAc3d2026-03-27l0oADM0038 C746dPGpBEA01534r2026-03-27w2026-03-27yTE